000 00792nam a22002417a 4500
999 _c1155
_d1155
003 AR-CdUCM
008 190226b ||||| |||| 00| 0 spa d
040 _aMUNICIPALIDAD PROVINCIAL DEL CUSCO
_cBIBLIOTECA MUNICIPAL DEL CUSCO
041 _hita
082 _a271.009 /
_bL49
100 _aLercaro, S
_94528
245 _aLa Religiosa y la Misa /
260 _aMadrid :
_bPaulinas,
_c1970.
300 _a211 paginas ;
_c17 cm.
505 _aLa misa el nĂșcleo de la vida cristiana -- Ritos iniciales -- Liturgia de la palabra -- Liturgia eucarĂ­stica.
650 _aIglesia de Dios
_94529
650 _aLa Sacristia
_94530
650 _aParroquia
_94462
650 _aComunidades Cristianas
_94531
650 _aPalabra de Dios
_94532
942 _2ddc
_cLIBROS
945 _awnts
_d2019-02-26